Эффективное виброизмельчение сульфаткальциевых отходов фтороводородного производства; Современные проблемы машиностроения

Detaylı Bibliyografya
Parent link:Современные проблемы машиностроения.— 2019.— [С. 82-86]
Kurumsal yazarlar: Национальный исследовательский Томский политехнический университет Школа базовой инженерной подготовки Отделение общетехнических дисциплин, Национальный исследовательский Томский политехнический университет Инженерная школа энергетики Отделение электроэнергетики и электротехники (ОЭЭ)
Diğer Yazarlar: Федорчук Ю. М. Юрий Митрофанович, Замятин Н. В., Пашков Е. Н. Евгений Николаевич, Данекер В. А. Валерий Аркадьевич, Аниканова Л. А., Нарыжный Д. В.
Özet:Заглавие с экрана
Dil:Rusça
Baskı/Yayın Bilgisi: 2019
Seri Bilgileri:Надежность машин и механизмов
Konular:
Online Erişim:http://earchive.tpu.ru/handle/11683/56980
Materyal Türü: MixedMaterials Elektronik Kitap Bölümü
KOHA link:https://koha.lib.tpu.ru/cgi-bin/koha/opac-detail.pl?biblionumber=630582

MARC

LEADER 00000naa2a2200000 4500
001 630582
005 20240118130021.0
035 |a (RuTPU)RU\TPU\conf\31738 
035 |a RU\TPU\conf\31737 
090 |a 630582 
100 |a 20191126a2019 k y0rusy50 ca 
101 0 |a rus 
102 |a RU 
105 |a y z 100zy 
135 |a drgn ---uucaa 
181 0 |a i  
182 0 |a b 
200 1 |a Эффективное виброизмельчение сульфаткальциевых отходов фтороводородного производства  |f Ю. М. Федорчук [и др.] 
203 |a Текст  |c электронный 
225 1 |a Надежность машин и механизмов 
300 |a Заглавие с экрана 
320 |a [Библиогр.: с. 86 (5 назв.)] 
463 0 |0 (RuTPU)RU\TPU\conf\31687  |t Современные проблемы машиностроения  |o сборник научных трудов XII Международной научно-технической конференции, г. Томск, 28 октября - 1 ноября 2019 г.  |f Национальный исследовательский Томский политехнический университет (ТПУ) ; под ред. А. Ю. Арляпова [и др.]  |v [С. 82-86]  |d 2019 
610 1 |a электронный ресурс 
610 1 |a труды учёных ТПУ 
610 1 |a виброизмельчение 
610 1 |a сульфаткальциевые отходы 
610 1 |a фтороводородное производство 
610 1 |a переработка отходов 
610 1 |a энергосберегающие технологии 
610 1 |a промышленные отходы 
610 1 |a ресурсоэффективность 
610 1 |a техногенные материалы 
701 1 |a Федорчук  |b Ю. М.  |c специалист в области экологии и безопасности жизнедеятельности  |c профессор Томского политехнического университета, доктор технических наук  |f 1948-  |g Юрий Митрофанович  |3 (RuTPU)RU\TPU\pers\26187  |9 11995 
701 1 |a Замятин  |b Н. В. 
701 1 |a Пашков  |b Е. Н.  |c специалист в области машиностроения  |c доцент Томского политехнического университета, кандидат технических наук  |f 1975-  |g Евгений Николаевич  |3 (RuTPU)RU\TPU\pers\27734  |9 12808 
701 1 |a Данекер  |b В. А.  |c специалист в области дистанционного образования, специалист в области электротехники  |c заместитель директора института, доцент Томского политехнического университета, кандидат технических наук   |f 1954-  |g Валерий Аркадьевич  |3 (RuTPU)RU\TPU\pers\26934  |9 12544 
701 1 |a Аниканова  |b Л. А. 
701 1 |a Нарыжный  |b Д. В. 
712 0 2 |a Национальный исследовательский Томский политехнический университет  |b Школа базовой инженерной подготовки  |b Отделение общетехнических дисциплин  |3 (RuTPU)RU\TPU\col\23550 
712 0 2 |a Национальный исследовательский Томский политехнический университет  |b Инженерная школа энергетики  |b Отделение электроэнергетики и электротехники (ОЭЭ)  |3 (RuTPU)RU\TPU\col\23505 
801 2 |a RU  |b 63413507  |c 20191129  |g RCR 
856 4 |u http://earchive.tpu.ru/handle/11683/56980 
942 |c BK